00853nam a22001692 4500001001100000005001700011008004100028020002700069040001500096100003100111245030900142260004000451300003500491650003700526650005600563650006400619000000948820151217161142.0081031s xx 000 0 eng d a0917006012 :cKES 2000 aKABUcKABU1 aStrong, James.@000014900314aThe Exhaustive concordance of the Bible :bshowing every word of the text of the common English version of the conical books and every occurrence of each word in regular order; together with Dictionaries of the Hebrew and Greek words of the original, with reference to the English words /cJames Strong. aPeabody, MA. :bHendrickson,c2004. a1340, 128, 79 p. +e1 CD-ROM. 0aBiblexConcordances.@0000161009 0aHebrew languagevDictionariesxEnglish.@0000148966 0aGreek language BiblicalxDictionariesxEnglish.@0000161010